000 00414nam a22001697a 4500
003 MACL
005 20160115171932.0
008 160115b xxu||||| |||| 00| 0 eng d
040 _cMACL
041 _aEnglish
082 _a500/VEE
100 _aVeeramani Dr
_932545
245 _aThe Necessity Of Scientific Temper
260 _aChennai
_bDravidar kazhagam
_c2010
650 _aScience
_932747
942 _2ddc
_cBK
999 _c52543
_d52543